000 00235nam a2200085Ia 4500
245 0 _aThe new Companies Act manual
100 _a Delport, P. A. Durban, [c.2009]
_977118
942 _cBK
008 210817s9999 xx 000 0 und d
999 _c262719
_d262718